| 000 | 00748nam a22002177a 4500 | ||
|---|---|---|---|
| 003 | OSt | ||
| 005 | 20251128101126.0 | ||
| 008 | 251128b |||||||| |||| 00| 0 eng d | ||
| 020 | _a978-971-93934-2-9. | ||
| 040 |
_aDWCL-Admin lib _cOC |
||
| 082 | _aFil. 657.92 V152p 2009 | ||
| 100 | _aValencia, Edwin G. | ||
| 245 |
_a Partnership and corporation accounting : _bconcepts, principles, procedures and appications / _cEdwin G. Valencia |
||
| 260 |
_a Baguio City : _bValencia Educational Supply, _cc2009 |
||
| 300 |
_a 612 p. : _bill. ; _c25 cm. |
||
| 650 | _a1. Corporations Accounting | ||
| 650 | _a2. Partnership Accounting | ||
| 700 | _aRoxas, Gregorio F. | ||
| 700 | _aAsuncion, Darrell Joe | ||
| 942 |
_2ddc _cBK - FIL _e3rd ed. _kFil. _n0 |
||
| 999 |
_c6552 _d6552 |
||